लोड हो रहा है...

Systematic Guide to UGC-NET/JRF Commerce Paper II & III

ग्रंथसूची विवरण
मुख्य लेखक: Vineeth, K M and Dileep Kumar, M C
स्वरूप: Printed Book
प्रकाशित: Gayathri Publishers: Ernakulam 2013
संस्करण:2 Edition
विषय:
LEADER 00542nam a2200157 4500
082 |a R 380 GAY 
100 |a Vineeth, K M and Dileep Kumar, M C 
245 |a Systematic Guide to UGC-NET/JRF Commerce Paper II & III  |c Vineeth, K M and Dileep Kumar, M C 
250 |a 2 Edition 
260 |a Gayathri Publishers: Ernakulam  |c 2013 
300 |a 642 p 
490
650 |a Commerce, UGC/NET 
942 |c REF 
999 |c 129873  |d 129873 
952 |0 0  |1 0  |4 0  |6 R_380_000000000000000_GAY  |7 0  |9 143335  |a COM  |b COM  |l 0  |o R 380 GAY  |p COM07774  |r 2019-10-24  |w 2019-10-24  |y REF